| 000 | 01000cam a22002652 4500 | ||
|---|---|---|---|
| 001 | 0000003527 | ||
| 005 | 20151217145735.0 | ||
| 008 | 070509s xx 000 0 eng d | ||
| 020 |
_a0415224098 : _cGBP 20.99 |
||
| 040 |
_aKABU _cKABU |
||
| 050 | 0 |
_aLB17 _b.F54 |
|
| 245 | 1 | 0 |
_aFifty modern thinkers on education : _bfrom Piaget to the present day / _cedited by. Joy A. Palmer; advisory editors, Liora Bresler and David E. Cooper. |
| 260 |
_aLondon ; _aNew York : _bRoutledge, _c2001. |
||
| 300 |
_axv, 290 p. ; _c22 cm. |
||
| 440 | 0 |
_aRoutledge key guides _@0000153503 |
|
| 504 | _aIncludes bibliographical references and index. | ||
| 650 | 0 |
_aEducation _xPhilosophy _xHistory. _y20th century. _@0000153504 |
|
| 650 | 0 |
_aEducators _xBiography. _@0000153505 |
|
| 650 | 0 |
_aEducation _xHistory _y20th century. _@0000153506 |
|
| 700 | 1 |
_aPalmer, Joy. _@0000018150 |
|
| 700 | 1 |
_aCooper, David Edward. _@0000153507 |
|
| 908 | _a070509 | ||
| 950 | _@1 | ||
| 999 |
_c2130 _d2130 |
||